| 000 | 00709nam a22001937a 4500 | ||
|---|---|---|---|
| 999 |
_c8027 _d8027 |
||
| 003 | AR-CdUCM | ||
| 008 | 190322b ||||| |||| 00| 0 spa d | ||
| 040 |
_aMUNICIPALIDAD PROVINCIAL DEL CUSCO _cBIBLIOTECA MUNICIPAL DEL CUSCO |
||
| 082 |
_a614.2 / _bV32 |
||
| 100 |
_aVasco Uribe, Alberto _922685 |
||
| 245 | _aSalud, medicina y clases sociales / | ||
| 260 |
_aLima : _bMosca Azul, _c1982. |
||
| 300 |
_a141 páginas ; _c21 cm. |
||
| 505 | _aEl conocimiento medico -- Aspectos metodológicos -- Hacia un marco teórico mas comprensivo -- Análisis de la materialización del valor apropiado ... | ||
| 650 |
_aMedicina social _922686 |
||
| 650 |
_aSalud publica _96404 |
||
| 942 |
_2ddc _cLIBROS |
||
| 945 | _aacv | ||